Trans- Himalayan Buddhism : (Record no. 92735)

MARC details
000 -LEADER
fixed length control field 00750nam a22002057a 4500
005 - DATE AND TIME OF LATEST TRANSACTION
control field 20230711113956.0
010 ## - LCCN (DPL NO)
LC control number ENG-112580 ENG-137347
020 ## - INTERNATIONAL STANDARD BOOK NUMBER
International Standard Book Number 9789381904480
Terms of availability 495.00
035 ## - SYSTEM CONTROL NUMBER
System control number EN-96112 EN-120879
037 ## - SOURCE OF ACQUISITION
Source of stock number/acquisition DBAD/PUB
082 ## - DEWEY DECIMAL CLASSIFICATION NUMBER
Classification number 250.30958
245 00 - TITLE STATEMENT
Title Trans- Himalayan Buddhism :
Statement of responsibility, etc edited by Suchandana Chatterjee
Remainder of title reconnecting spaces, sharing concerns /
260 ## - PUBLICATION, DISTRIBUTION, ETC. (IMPRINT)
Place of publication, distribution, etc New Delhi
Name of publisher, distributor, etc KW Publishers
Date of publication, distribution, etc 2013
270 ## - ADDRESS
Address 4676/21, First Floor, Ansari Road, Daryaganj,
City New Delhi
Postal code 110002
300 ## - PHYSICAL DESCRIPTION
Extent x,120p. :
Dimensions 24cm(Hb)
Other physical details ill.
500 ## - GENERAL NOTE
General note Includes bibliographical references.
650 ## - SUBJECT ADDED ENTRY--TOPICAL TERM
Topical term or geographic name as entry element Buddhism
Geographic subdivision Asia, Central
General subdivision History.
700 ## - ADDED ENTRY--PERSONAL NAME
Personal name Chatterjee, Suchandana
942 ## - ADDED ENTRY ELEMENTS (KOHA)
Source of classification or shelving scheme Dewey Decimal Classification
Item type English Books
Call number suffix TRA
Classification part 250.30958
Holdings
Withdrawn status Lost status Not for loan Collection code Home library Current library Date acquired Source of acquisition Cost, normal purchase price Full call number Barcode Copy number Cost, replacement price Koha item type
    Not For Loan Non-fiction D.B.Act.Division D.B.Act.Division 07/04/2015 DBAD/PUB 899.00 TRA EN-96112 1 899.00 English Books
      Non-fiction Narela Narela 11/07/2023 DBAD/PUB 495.00 250.30958 TRA EN-120879 1 495.00 English Books

© Delhi Public Library
Hit Counter
free hit counter